Online
Catalog

Pablo : (Record no. 17891)

MARC details
000 -CABECERA
campo de control de longitud fija 00885cam a2200241 a 4500
001 - NÚMERO DE CONTROL
campo de control 000018370
005 - FECHA Y HORA DE LA ÚLTIMA TRANSACCIÓN
campo de control 20200929165458.0
008 - DATOS DE LONGITUD FIJA--INFORMACIÓN GENERAL
campo de control de longitud fija 850116s1983 cu ac 001 pbspa d
040 ## - FUENTE DE LA CATALOGACIÓN
Centro catalogador/agencia de origen DO-SdBNP
Lengua de catalogación spa
Centro/agencia transcriptor DLC
Centro/agencia modificador BNPHU
082 ## - NÚMERO DE LA CLASIFICACIÓN DECIMAL DEWEY
Número de clasificación 920.5
Número de documento/Ítem T695c
049 ## - FONDOS LOCALES (OCLC)
Fondos de biblioteca BNGR
100 1# - ENTRADA PRINCIPAL--NOMBRE DE PERSONA
Nombre de persona Casaus, Víctor,
Fechas asociadas al nombre 1944-
9 (RLIN) 39780
245 10 - MENCIÓN DE TÍTULO
Título Pablo :
Resto del título con el filo de la hoja /
Mención de responsabilidad, etc. Víctor Casaus ; edición Miguel Barnet ; corrección Bertha Hernández López.
260 ## - PUBLICACIÓN, DISTRIBUCIÓN, ETC.
Lugar de publicación, distribución, etc. La Habana, Cuba :
Nombre del editor, distribuidor, etc. Unión de Escritores y Artistas de Cuba,
Fecha de publicación, distribución, etc. 1983.
300 ## - DESCRIPCIÓN FÍSICA
Extensión 235 p. :
Otras características físicas il., retrs. ;
Dimensiones 23 cm.
490 1# - MENCIÓN DE SERIE
Mención de serie Girón
600 14 - PUNTO DE ACCESO ADICIONAL DE MATERIA--NOMBRE DE PERSONA
Nombre de persona TORRIENTE BRAU, PABLO DE LA,
Fechas asociadas al nombre 1901-1936.
9 (RLIN) 39781
650 #4 - PUNTO DE ACCESO ADICIONAL DE MATERIA--TÉRMINO DE MATERIA
Término de materia o nombre geográfico como elemento de entrada Autores cubanos
Subdivisión cronológica SIGLO XX
Subdivisión general Biografía
9 (RLIN) 39782
650 #4 - PUNTO DE ACCESO ADICIONAL DE MATERIA--TÉRMINO DE MATERIA
Término de materia o nombre geográfico como elemento de entrada Revoluciones
Subdivisión geográfica Cuba
Subdivisión general Biografía
9 (RLIN) 39783
700 1# - PUNTO DE ACCESO ADICIONAL--NOMBRE DE PERSONA
Nombre de persona Barnet, Miguel
Término indicativo de función/relación ed.
9 (RLIN) 39784
830 #0 - PUNTO DE ACCESO ADICIONAL DE SERIE-TÍTULO UNIFORME
Título uniforme Girón ;
9 (RLIN) 39785
910 ## - DATOS DE OPCIÓN DEL USUARIO (OCLC)
Datos de opción del usuario Catalogación por derivada / LC
Holdings
Estado de retiro Estado de pérdida Restricciones de uso No para préstamo Código de colección Localización permanente Ubicación/localización actual Ubicación en estantería Fecha de adquisición Número de inventario Total de préstamos Signatura topográfica completa Código de barras Fecha visto por última vez Precio válido a partir de Tipo de ítem Koha
        Monografías: Libros y Folletos General General En catalogación 30.04.2010 LF1   920.5 T695c 18370-10 25.06.2020 25.06.2020 Préstamo en sala

Powered by Koha